000 00264nam a2200109Ia 4500
008 190216s9999||||xx |||||||||||||| ||und||
100 _aBedi J S & Rai H M
245 0 _aYou And Your Intelligence
260 _bKalyani Pub
650 _aReferences
942 _cREF
999 _c35600
_d35600